BGMEA University of Fashion and Technology
University Library

Management / (Record no. 2948)

MARC details
000 -LEADER
fixed length control field 00483nam a22001937a 4500
001 - CONTROL NUMBER
control field 2948
003 - CONTROL NUMBER IDENTIFIER
control field BD-DhBUF
005 - DATE AND TIME OF LATEST TRANSACTION
control field 20260111124548.0
008 - FIXED-LENGTH DATA ELEMENTS--GENERAL INFORMATION
fixed length control field 260111b bg ||||| |||| 00| 0 ben d
020 ## - INTERNATIONAL STANDARD BOOK NUMBER
International Standard Book Number 139780618833450
040 ## - CATALOGING SOURCE
Original cataloging agency BD-DhBUF
Transcribing agency BD-DhBUF
100 ## - MAIN ENTRY--PERSONAL NAME
Personal name Griffin, Ricky W.
245 ## - TITLE STATEMENT
Title Management /
Statement of responsibility, etc. Ricky W. Griffin,
260 ## - PUBLICATION, DISTRIBUTION, ETC.
Place of publication, distribution, etc. New York :
Name of publisher, distributor, etc. Houghton Mifflin ,
Date of publication, distribution, etc. C 2008.
300 ## - PHYSICAL DESCRIPTION
Extent 738p. :
Dimensions 21cm. ;
526 ## - STUDY PROGRAM INFORMATION NOTE
Program name BBA
650 ## - SUBJECT ADDED ENTRY--TOPICAL TERM
Topical term or geographic name entry element Management
942 ## - ADDED ENTRY ELEMENTS (KOHA)
Source of classification or shelving scheme Dewey Decimal Classification
Koha item type Books
Holdings
Withdrawn status Lost status Source of classification or shelving scheme Damaged status Not for loan Home library Current library Date acquired Total Checkouts Full call number Barcode Date last seen Copy number Price effective from Koha item type
    Dewey Decimal Classification     BUFT Library BUFT Library 01/11/2009   658 G849m 2008 2009-0015 01/11/2026 C-1 01/11/2026 Books
Copyright © 2019-2023 | BUFT Library
BGMEA University of Fashion and Technology
Library Home | University Home
| Maintained by Library Team